000 00736nam a2200241 i 4500
001 106722
003 ES-MaACL
005 20250804062613.0
007 t|
008 061219s2003 sp |||| | spa d
020 _a84-460-1865-9
080 _a821.134.2-32"18"
100 1 _aPérez Galdós, Benito,
_d1843-1920
_990871
245 1 0 _aCuentos /
_cBenito Pérez Galdós ; edición de Félix Rebollo Sánchez.
260 _aTres Cantos (Madrid) :
_bAkal,
_c[2003]
300 _a217 p. :
_bil. ;
_c22 cm.
490 1 _aAkal literaria ;
_v11
700 1 _aRebollo Sánchez, Félix
_995713
830 0 _aAkal literaria ;
_v11
_9180589
852 _aES-MaACL
_jN-1130
942 _n0
_2udc
999 _c106722
_d106722